[Event "Vlissingen HZ op 16th"]
[Site "Vlissingen"]
[Date "2012.08.04"]
[Round "1"]
[White "Rademakers, Steven"]
[Black "Beeke, Bobby"]
[Result "0-1"]
[WhiteElo "1843"]
[BlackElo "2253"]
[PlyCount "113"]
[EventDate "2012.08.04"]
[EventType "swiss"]
[EventRounds "9"]
[EventCountry "NED"]
[SourceTitle "CBM 149 Extra"]
[Source "ChessBase"]
[SourceDate "2012.08.24"]
[SourceVersion "1"]
[SourceVersionDate "2012.08.24"]
[SourceQuality "1"]

1. e4 c5 2. Nc3 Nc6 3. Bc4 a6 4. a4 e6 5. d3 Nge7 6. Bg5 h6 7. Bh4 g5 8. Bg3 Ng6 9. Nge2 h5 10. h3 d6 11. d4 cxd4 12. Nxd4 Nce5 13. Be2 h4 14. Bh2 Bg7 15. Qd2 Bd7 16. Rd1 Rc8 17. 0-0 Nf4 18. Bxf4 gxf4 19. Qxf4 Bh6 20. Qh2 Qb6 21. Nb3 Ke7 22. a5 Qc7 23. f4 Ng6 24. f5 Ne5 25. Kh1 Rhg8 26. Rd4 Be3 27. Rdd1 Rg3 28. f6+ Kf8 29. Bd3 Kg8 30. Ne2 Rg6 31. g4 hxg3 32. Nxg3 Kh7 33. Rde1 Ba7 34. Nh5 Rh8 35. Nf4 Rh6 36. Qg2 Rg8 37. Qh2 Qd8 38. Nd2 Qxa5 39. Re2 Rxf6 40. Rg2 Rxg2 41. Qxg2 Rh6 42. Nc4 Qc5 43. b4 Qc8 44. Nxd6 Qf8 45. Nc4 Nxd3 46. Nxd3 Bb8 47. Qg4 Qg7 48. Qf3 f5 49. Rg1 Qf7 50. Rg5 Bc6 51. Na5 Rg6 52. Qg2 fxe4 53. Rxg6 Qxg6 54. Qxg6+ Kxg6 55. Nf4+ Kf5 56. Ne2 e3+ 57. Kg1 0-1

[Event "Vlissingen HZ op 15th"]
[Site "Vlissingen"]
[Date "2011.07.30"]
[Round "1"]
[White "Rademakers, Steven"]
[Black "Nabuurs, Joep"]
[Result "0-1"]
[WhiteElo "1824"]
[BlackElo "2218"]
[PlyCount "54"]
[EventDate "2011.07.30"]
[EventType "swiss"]
[EventRounds "9"]
[EventCountry "NED"]
[SourceTitle "CBM 143 Extra"]
[Source "ChessBase"]
[SourceDate "2011.08.29"]
[SourceVersion "1"]
[SourceVersionDate "2011.08.29"]
[SourceQuality "1"]

1. e4 c5 2. Nc3 d6 3. Bc4 Nc6 4. d3 e6 5. a4 Nf6 6. Bg5 Be7 7. Nge2 0-0 8. 0-0 a6 9. f4 Rb8 10. Qe1 Nb4 11. Bb3 b5 12. e5 dxe5 13. fxe5 Nfd5 14. Bxe7 Qxe7 15. Qg3 c4 16. Ba2 Nxc2 17. Rac1 cxd3 18. Nf4 Nxf4 19. Qxf4 Bb7 20. Bb1 Rbc8 21. Ne4 Rc4 22. Nf6+ gxf6 23. Qg3+ Kh8 24. Rxf6 Rg8 25. Qxd3 Rxg2+ 26. Kf1 Qxf6+ 27. exf6 Rf4+ 0-1